Central Library OPAC University of Rajshahi

The letters of Thomas Carlyle to his brother Alexander : (Record no. 21765)

MARC details
000 -LEADER
fixed length control field 00997nam a2200289 a 4500
001 - CONTROL NUMBER
control field 21765
003 - CONTROL NUMBER IDENTIFIER
rucl marc code BD-RjUL
005 - DATE AND TIME OF LATEST TRANSACTION
control field 20211209000727.0
008 - FIXED-LENGTH DATA ELEMENTS--GENERAL INFORMATION
fixed length control field 140305s1968 mauabcj b 001 0aeng
035 ## - SYSTEM CONTROL NUMBER
System control number (BD-RjUL)21830
System control number (OCoLC)357987
040 ## - CATALOGING SOURCE
Original cataloging agency DLC
Transcribing agency DLC
Modifying agency BD-RjUL
Language of cataloging eng
041 ## - LANGUAGE CODE
Language code of text/sound track or separate title eng
082 00 - DEWEY DECIMAL CLASSIFICATION NUMBER
Classification number 826.8
Author mark and year CAL 1968
100 1# - MAIN ENTRY--PERSONAL NAME
Personal name Carlyle, Thomas,
Dates associated with a name 1795-1881.
9 (RLIN) 63390
245 14 - TITLE STATEMENT
Title The letters of Thomas Carlyle to his brother Alexander :
Remainder of title with related family letters /
Statement of responsibility, etc. Edited by Edwin W. Marrs, Jr
260 ## - PUBLICATION, DISTRIBUTION, ETC. (IMPRINT)
Place of publication, distribution, etc. Cambridge, Mass :
Name of publisher, distributor, etc. Belknap Press of Harvard University Press,
Date of publication, distribution, etc. c1968.
300 ## - PHYSICAL DESCRIPTION
Pagination xiii, 830 p. :
Illustrations illus., geneal. tables, map, ports ;
Size 25 cm.
504 ## - BIBLIOGRAPHY, ETC. NOTE
Bibliography, etc Bibliography: p. [797]-799
Bibliography, etc Includes index.
600 10 - SUBJECT ADDED ENTRY--PERSONAL NAME
Personal name Carlyle, Thomas,
Dates associated with a name 1795-1881
General subdivision Correspondence.
700 1# - ADDED ENTRY--PERSONAL NAME
Personal name Carlyle, Alexander,
Dates associated with a name 1797-1876.
Personal name Marrs, Edwin W.
942 ## - ADDED ENTRY ELEMENTS (KOHA)
Source of classification or shelving scheme Dewey Decimal Classification
Koha item type Books
Holdings
Lost status Source of classification or shelving scheme Damaged status Not for loan Collection code Permanent Location Current Location Shelving location Date acquired Source of acquisition Cost, normal purchase price Total Checkouts Full call number Date last seen Copy number Koha item type
  Dewey Decimal Classification   Added to bundle Fiction Central Library, University of Rajshahi Central Library, University of Rajshahi Reading Room 16/05/1974 O. U. P. 120.00   826.8 CAL 1968 05/03/2014 C-1 Books